000 01094nam a2200313 a 4500
001 000043571
003 DO-SdBNP
005 20260202091016.0
007 ta
008 140326s 2014 dr 000 0 spa d
020 _a9789945166088
040 _aDO-SdBNP
_bspa
_cBNPHU
082 4 _aBNPHU 158.1
_bA185m
_222
100 1 _aAcosta, Pedro
_9463
245 1 0 _aMindfulness para el mundo :
_bvivir en el presente sin juzgar /
_cPedro Acosta; prólogo Rafael García Alvarez.
260 _aSanto Domingo :
_bBúho,
_c2014.
300 _a94 p. ;
_c22 cm.
500 _aIncluye datos biográfícos del autor en la solapa de la cubierta
500 _aEn la portada: Un programa de entrenamiento en seis semanas.
504 _aBibliografía : p. 93-94
590 _aInventariado, 2018/LP
650 1 0 _aRelaciones humanas
_9606
650 1 4 _aComunicación interpersonal
_921034
650 1 0 _aPsicología aplicada
_91579
650 1 4 _aSuperación personal
_2Sears
_910825
700 1 _aGarcía Alvarez, Rafael,
_eprol.
_971386
910 _aValidado. Control de calidad EMS.
942 _2ddc
_cLBS1
999 _c43060
_d43060